000 00505nam a2200193Ia 4500
008 180207s9999 xx 000 0 und d
020 _a9780439870658
050 _bT265 2005
100 _aTeitelbaum, Michael
245 2 _aA lazy town Christmas /
245 _cadapted by Michael Teitelbaum ; story by Magnus Scheving.
260 _aNew York :
260 _bScholastic,
260 _c2005
300 _aunpaged :
300 _bcolor illustrations ;
300 _c20cm.
440 _aLazy town.
999 _c355617
_d355617